• 首页
  • 本馆介绍
  • 公告通知
  • 最新文献
  • 馆藏检索
  • 电子资源
  • 读者导购
  • 参考咨询
  • 我的图书馆
  • 登录
  • 详细信息显示
  • 放入我的书架
  • 预约/预借图书
  • 作者相关作品
  • 分类相关作品
  • 丛书相关作品
  • 出版社相关作品

书目信息

  • 表格格式
  • 工作单格式
  • 卡片格式
题名:
中国近现代名家画集
    
 
作者: 黄宾虹 绘
分册:   黄宾虹
出版信息: 北京   人民美术出版社  锦绣文化企业
页数: 205页
开本: 37cm
丛书名:
单 册:
中图分类: J221.8
科图分类:
主题词: 中国画--画册--中国--近代:现代
电子资源:
ISBN: 7-102-01604-2
000 00708nam0 2200229 45
001 0198029402
005 20040419093712.7
010    @a7-102-01604-2@b精装@dCNY300.00
100    @a19980527d锦绣 em y0chiy0121 ea
101 0  @achi
102    @aCN@b110000
105    @acf z 000yy
200 10 @Azhong guo jin xian dai ming jia hua ji@a中国近现代名家画集@i黄宾虹@FHuang Bin Hong Hui@f黄宾虹绘
210    @a北京@c人民美术出版社@d锦绣文化企业@d1996
215    @a205页@c图@d37cm
517    @a黄宾虹@AHuang Bin Hong
600  0 @a黄宾虹@x中国画@x作品集
606    @a中国画@x画册@y中国@z近代:现代
690    @aJ221.8@v4
701  0 @a黄宾虹@4绘
801  0 @aCN@bNLC@c19980610
905    @b331601@dJ221.8@e120@f1
    
    中国近现代名家画集.黄宾虹/黄宾虹绘.-北京:人民美术出版社,锦绣文化企业,1996
    205页:图;37cm
    
    
    ISBN 7-102-01604-2(精装):CNY300.00
    
●
相关链接 在E读中查询图书 在五车中查询图书 在当当中查询图书 在豆瓣中查询图书


正题名:中国近现代名家画集     索取号:J221.8/120         预约/预借

序号 登录号 条形码 馆藏地/架位号 状态 备注
1 0331601   203316018   第一样本阅览室/ [索取号:J221.8/120] 在馆    
唐山师范学院图书馆 欢迎您!
大连网信软件有限公司© 版权所有